00409nam a2200157Ia 45000010006000000050017000060080041000230410008000640820017000721000040000892450064001292600009001933000033002026500008002356540008002431776720260306171541.0260306s9999||||xx |||||||||||||| ||und|| aESP a658.155bM84 aMontes Salazar, Carlos AlbertoeAUT 0aRiesgos de fraude en una auditoría de estados financieros c2018 axiv, 194 páginas :c28 cm. aGEN aCAN